000 00619cam a22001817a 4500
008 180718b2002 xxu||||| |||| 00| 0 eng d
020 _a0821350390
082 _aT19x8 Es82
100 _aEstache, Antonio
245 _aAccounting for poverty in infrastructure reform: learning from Latin America's experience
_cby Antonio Estache, Vivien Foster and Quentin Wodon
260 _aWashington, D.C.
_bWorld Bank
_c2002
300 _a122p.
650 _aPrivatization-Latin America
650 _aPoverty-Latin America
650 _aPublic utilities-Latin America
700 _aWodon, Quentin
700 _aFoster, Vivien
999 _c288339
_d288339